| 000 | 00639nam a22002172 4500 | ||
|---|---|---|---|
| 001 | 0000011957 | ||
| 005 | 20151217145853.0 | ||
| 008 | 090122s xx 000 0 eng d | ||
| 020 | _a141290546x : | ||
| 040 |
_aKABU _cKABU |
||
| 100 | 1 |
_aSirkin, R. Mark. _@0000168060 |
|
| 245 | 1 | 0 |
_aStatistics for the social sciences / _cR. Mark Sirkin. |
| 250 | _a3rd ed. | ||
| 260 |
_aLondon : _bSage, _c2006. |
||
| 300 | _axxii, 610 p. | ||
| 650 | 0 |
_aSocial sciences _xStatistical methods. _@0000148274 |
|
| 650 | 0 |
_aStatistics. _@0000149871 |
|
| 852 | 1 | _9p4150 KES | |
| 908 | _a090122 | ||
| 950 | _@1 | ||
| 999 |
_c3515 _d3515 |
||